000 00395nam a22001577a 4500
005 20241017105323.0
008 241017b |||||||| |||| 00| 0 eng d
020 _a978-93-6109-001-1
041 _aeng
100 _aKhaladkar, H. V. & Others
_9208623
245 _aMTS : Python - I ( F. Y. B. Sc. Sem. - I )
250 _a1st ed.
260 _aPune
_bNirali
300 _a6.9
942 _cBK
999 _c359872
_d359872